000 00693nam a2200289Ia 4500
005 20260324150130.0
008 008 260324s9999 xx 000 0 eng d
020 _a9780203061411
037 _aEBOOK
040 _aCRL
040 _beng
040 _cCRL
041 _2eng
041 _aeng
084 _qCRL
100 _aRobin Bidwell
_91225237
245 0 _aMorocco Under Colonial Rule
245 0 _bFrench Administration of Tribal Areas 1912-1956
260 _bTaylor and Francis
260 _c1973
365 _a
365 _b300
856 _uhttp://www.taylorfrancis.com/books/9780203061411
942 _cEBOOK
999 _c1834304
_d1834304